[Event "Rodovre-ch C"]
[Site "Rodovre"]
[Date "2009.10.06"]
[Round "6"]
[White "Hviid, Jens1"]
[Black "Jorgensen, Henry Lund"]
[Result "0-1"]
[WhiteElo "1227"]
[BlackElo "1278"]
[PlyCount "64"]
[EventDate "2009.09.01"]
[EventType "tourn"]
[EventRounds "7"]
[EventCountry "DEN"]
[SourceTitle "EXT 2023"]
[Source "ChessBase"]
[SourceDate "2022.10.05"]
[SourceVersion "1"]
[SourceVersionDate "2022.10.05"]
[SourceQuality "1"]

1. c4 c5 2. Nc3 Nf6 3. g3 e6 4. Bg2 d5 5. cxd5 exd5 6. e3 Nc6 7. d4 cxd4 8. exd4 Be6 9. Nge2 Bg4 10. Bf4 Bd6 11. Bxd6 Qxd6 12. h3 Bf5 13. Qb3 Nb4 14. 0-0 0-0 15. Rac1 Rfe8 16. Nb5 Qe7 17. Nf4 Rac8 18. Rxc8 Rxc8 19. Nxa7 Ra8 20. a3 Nc2 21. g4 Qd7 22. Qb6 Be4 23. Bxe4 dxe4 24. Qc5 Nxd4 25. Nb5 Nxb5 26. Rc1 Nd4 27. Rc3 Nc6 28. Re3 Re8 29. g5 Re5 30. Qxe5 Nxe5 31. gxf6 Qf5 32. Nd5 Nf3+ 0-1